000 01542cam a22004454i 4500
003 PE-LiUPU
005 20250731172724.0
008 150617s r 000 0 d
035 _a(Sirsi) a11150
040 _aPE-LiUPU
_bspa
_cPE-LiUPU
_erda
049 _aPRUA
082 0 4 _a242.3
_bSa5
_221
100 1 _aMartín Sánchez, Benjamín,
_eautor.
245 1 0 _aBiblia y Tradición /
_cBenjamín Martín Sánchez.
264 1 _aBarcelona :
_bHereder,
_c1959.
300 _a804 páginas ;
_c17 cm.
336 _atext
_2rdacontent
337 _aunmediated
_2rdamedia
338 _avolume
_2rdacarrier
505 0 _aMeditaciones preparatorias -- Tiempo de adviento -- Tiempo de navidad epifanía -- Tiempo de septuagésima -- Tiempo de cuaresma -- Tiempo de pasión -- Tiempo pascual -- Tiempo de pentecostés.
526 _aSEG42
526 _aSEG41
526 _aSEG40
526 _aSEG39
526 _aP94
526 _aP87
526 _aP86
526 _aP85
526 _aP77
526 _aP76
526 _aP35
650 0 4 _aMEDITACIONES CATOLICAS.
910 _ajck
_bjvq
_cjck
_d20150616
942 _2ddc
_cBOOK
949 _a242.3 Sa5
_wDEWEY
_c1
_i11322
_lCCODEBUL1
_mBUL
_p00.00
_r0
_sY
_tBOOK
_u2015-04-21
_xTEOLOGIA
_PP35
_0COMPRA
_o.STAFF. Colección General
994 _aC0
_bPEPRU
596 _a1
999 _a242.3 SA5
_wDEWEY
_c1271
_i11322
_f2021-11-11
_g5
_lCCODEBUL1
_mBUL
_r0
_sY
_tBOOK
_u2015-4-21
_xTEOLOGIA
_PP35
_0COMPRA
_o.STAFF. Colección General
_d1271
980 _81
_gALBERTO SANCHEZ Responsable de Automatización